[Event "BdF-Diamant 09 email"]
[Site "GER email"]
[Date "2018.06.19"]
[Round "?"]
[White "Schott, Detlef"]
[Black "Rivas Maceda, Juan Jorge"]
[Result "1/2-1/2"]
[WhiteElo "2323"]
[BlackElo "2302"]
[PlyCount "89"]
[EventDate "2018.??.??"]
[EventType "tourn (corr)"]
[EventRounds "10"]
[EventCountry "GER"]
[SourceTitle "Corr 2020"]
[Source "ChessBase"]
[SourceDate "2019.09.30"]
[SourceVersion "1"]
[SourceVersionDate "2019.09.30"]
[SourceQuality "1"]

1. d4 d5 2. c4 e6 3. Nf3 Nf6 4. g3 Be7 5. Bg2 0-0 6. 0-0 dxc4 7. Qc2 a6 8. a4 Bd7 9. Qxc4 Bc6 10. Bf4 a5 11. Nc3 Na6 12. Rac1 Nb4 13. Ne5 Bxg2 14. Kxg2 Nfd5 15. Nxd5 Qxd5+ 16. Qxd5 Nxd5 17. Bd2 c6 18. h4 Rfd8 19. e3 Nb6 20. b3 f6 21. Nf3 h5 22. e4 Kf7 23. Bc3 Nc8 24. Bd2 Nd6 25. Rfe1 Nc8 26. Red1 Ba3 27. Rc2 Ne7 28. Bc1 Bb4 29. Kf1 Nc8 30. Bd2 Be7 31. Kg2 Nd6 32. Re1 Nc8 33. Bc1 Bb4 34. Bd2 Bd6 35. Rd1 Bc7 36. Be3 Nd6 37. Nd2 Rd7 38. f3 Nc8 39. Nc4 Ne7 40. Bf2 Rb8 41. Nb2 Rc8 42. Nd3 Rb8 43. Nc5 Rdd8 44. Be1 Bd6 45. Nd3 1/2-1/2

[Event "BdF-Diamant 09 email"]
[Site "GER email"]
[Date "2018.06.19"]
[Round "?"]
[White "Wichert, Gerd"]
[Black "Rivas Maceda, Juan Jorge"]
[Result "1/2-1/2"]
[WhiteElo "2302"]
[BlackElo "2302"]
[PlyCount "59"]
[EventDate "2018.??.??"]
[EventType "tourn (corr)"]
[EventRounds "10"]
[EventCountry "GER"]
[SourceTitle "Corr 2020"]
[Source "ChessBase"]
[SourceDate "2019.09.30"]
[SourceVersion "1"]
[SourceVersionDate "2019.09.30"]
[SourceQuality "1"]

1. d4 Nf6 2. c4 e6 3. Nf3 d5 4. g3 c6 5. Bg2 dxc4 6. Ne5 c5 7. Be3 Nd5 8. 0-0 Nd7 9. Nxc4 b5 10. Ne5 Nxe5 11. dxe5 Bb7 12. Nc3 Nxe3 13. Qxd8+ Rxd8 14. fxe3 Bxg2 15. Kxg2 b4 16. Nb5 Rd7 17. Rac1 a6 18. Nd6+ Bxd6 19. exd6 Rxd6 20. Rxc5 0-0 21. Kf3 g6 22. e4 b3 23. a3 Rd2 24. Rb1 Rb8 25. Rc6 a5 26. Rc5 a4 27. Rc4 Ra8 28. Ke3 Rd7 29. Rbc1 Kg7 30. h3 1/2-1/2